000 01082nam2a22002891 4500
001 rc\3160166
005 20250530085002.0
021 _aRU
_b[76-104387]
035 _a(NLR Aleph) 007325087
090 _a5950510
_c5950510
100 _a20120615d1976 |||y0rusy50 ca
101 1 _arus
_ceng
102 _aRU
105 _aa z |||||
200 0 _aТ. 1
_f[Е. Ранке-Мадсен, Е. Бишоп, Е.Баньяи и др.]
210 _d1976
_aБ. м.
215 _a496 с.
_cил.
320 _aСписки лит. в конце глав
461 0 _1001rc\3160165
_12001#$aИндикаторы$eВ 2 т.$fРед. Э. Бишоп$gПер. с англ. И.В. Матвеевой$gПод ред. д-ра хим. наук И.Н. Марова$vТ. 1
_95950503
_cМосква
_d1976
_fРед. Э. Бишоп
_nМир
_oВ 2 т.
_tИндикаторы
_vТ. 1
701 1 _aБишоп
_bЕ.
701 1 _aРанке-Мадсен
_bЕ.
701 1 _aБаньяи
_bЕ.
801 0 _aRU
_bNLR
_gpsbo
801 1 _aRU
_bELAR
_2rusmarc
852 _aNLR
_j77-5/2870
942 _cBOOK
980 _aNB